Η Οργάνωση και ο Σχεδιασμός του Χώρου (Νηπιαγωγείου) στο Πλαίσιο του Παιχνιδιού (Record no. 6361)
[ view plain ]
| 000 -LEADER | |
|---|---|
| fixed length control field | 02237cam a22001934a 4500 |
| 005 - ΗΜΕΡΟΜΗΝΙΑ ΚΑΙ ΩΡΑ ΤΕΛΕΥΤΑΙΑΣ ΕΝΗΜΕΡΩΣΗΣ | |
| Πεδίο ελέγχου | 20250605164240.0 |
| 008 - FIXED-LENGTH DATA ELEMENTS--GENERAL INFORMATION | |
| Πεδίο ελέγχου σταθερού μήκους | 250528s ||||||||||||||||||||||||d |
| 035 ## - SYSTEM CONTROL NUMBER | |
| System control number | 21296 |
| 020 ## - ISBN | |
| ISBN | 9789606002892 |
| 040 ## - ΠΗΓΗ ΚΑΤΑΛΟΓΟΓΡΑΦΗΣΗΣ | |
| Φορέας πρωτότυπης καταλογογράφησης | MC Athens Campus Library |
| Γλώσσα καταλογογράφησης | Ελληνικά, Μοντέρνα (1453-) |
| Modifying agency | MC Athens Campus Library |
| Κανόνες περιγραφικής καταλογογράφησης | AACR2 |
| 245 1# - ΤΙΤΛΟΣ ΚΑΙ ΔΗΛΩΣΗ ΥΠΕΥΘΥΝΟΤΗΤΑΣ | |
| Τίτλος | Η Οργάνωση και ο Σχεδιασμός του Χώρου (Νηπιαγωγείου) στο Πλαίσιο του Παιχνιδιού |
| 260 ## - PUBLICATION, DISTRIBUTION, ETC. | |
| Name of publisher, distributor, etc. | Πατάκη, |
| Date of publication, distribution, etc. | 2010 |
| 300 ## - PHYSICAL DESCRIPTION | |
| Extent | 148 |
| 520 ## - SUMMARY, ETC. | |
| Summary, etc. | Πρόκειται για ένα βιβλίο που απευθύνεται όχι μόνο σε Νηπιαγωγούς και Γονείς, αλλά και σ'όλους όσοι πιστεύουν τόσο στον κοινωνικοποιητικό χαρακτήρα του παιχνιδιού, όσο και στην απελευθερωτική του δύναμη. Πρόλογος, Παιχνίδι και Προσχολική Εκπαίδευση, Ορισμός (Θεωρίες) του Παιχνιδιού, Ιστορική Αναδρομή: Οι Μεγάλοι Παιδαγωγοί Μιλούν για το Παιχνίδι, Ο Ρόλος του Παιχνιδιού στη Μάθηση και Αγωγή του Παιδιού, Παιχνίδι και Ανάπτυξη, Παιχνίδι και Αυθόρμητες Δραστηριότητες, Η Στρατηγική μιας Προσέγγισης για την Ανάπτυξη, Σχεδιασμός του Χώρου σε Γωνίες (Περιγραφή), Σκοπός και Επιδιώξεις, Προβλήματα κατά το Σχεδιασμό, Προϋποθέσεις για την Επιτυχία του Σχεδιασμού, Οργάνωση του Χώρου σε Γωνίες, Η Γωνία του Κουκλόσπιτου, Η Γωνία με το Μαγαζάκι, Γωνία Οικοδομικού Υλικού, Η Γωνία με Νερό και Άμμο, Η Γωνία των Εικαστικών, Η Γωνία της Βιβλιοθήκης, Θεατρική Γωνία, Η Γωνία Παιδαγωγικών Παιχνιδιών, Βιβλιογραφία. |
| 700 1# - ΠΡΟΣΘΕΤΗ ΑΝΑΓΡΑΦΗ--ΦΥΣΙΚΟ ΠΡΟΣΩΠΟ | |
| Personal name | Σιβροπούλου Ρένα |
| 9 (RLIN) | 7342 |
| 942 ## - ADDED ENTRY ELEMENTS (KOHA) | |
| Koha item type | Books |
| Τύπος τεκμηρίου | Βιβλιοθήκη | Τρέχουσα τοποθεσία | Barcode | Αριθμός εισαγωγής | Ημερομηνία απόκτησης | Ταξιθετικό σύμβολο | Αριθμός αντιτύπου | Κατάσταση απόσυρσης | Κατάσταση χαμένου | Κατάσταση κατεστραμμένου | Μη δανεισμός | Σύνολο δανεισμών | Ημερομηνία τελευταίας εμφάνισης | Η τιμή ισχύει από |
|---|---|---|---|---|---|---|---|---|---|---|---|---|---|---|
| Books | MC Athens Campus Library | MC Athens Campus Library | 9780000063601 | 5390 | 05/06/2025 | 372.216 SIV | 1 | 05/06/2025 | 05/06/2025 |